Państwa Europy według dwóch pierwszych liter - Statystyki

Ogólne statystyki
  • Ten quiz został rozwiązany 41 836 razy
  • Średni wynik to 25 z 45
Odpowiedzi na mapie
Odpowiedzi zakodowano w zielono-czerwonej skali na mapie do tego quizu, zgodnie z poniższymi procentami.
 
Statystyki odpowiedzi
Państwa % Poprawnych
Polska
96%
Portugalia
96%
Holandia
87%
Niemcy
85%
Szwajcaria
83%
Szwecja
83%
Francja
82%
Wielka Brytania
80%
Hiszpania
76%
Norwegia
76%
Irlandia
75%
Rosja
74%
Liechtenstein
73%
Litwa
73%
Finlandia
70%
Islandia
70%
Włochy
67%
Ukraina
66%
Lotwa
59%
Białoruś
58%
Belgia
56%
Estonia
55%
Czarnogóra
53%
Czechy
53%
Dania
49%
Mołdawia
47%
Monako
47%
Andora
46%
Słowenia
46%
Rumunia
45%
Słowacja
45%
Luksemburg
40%
Watykan
40%
San Marino
37%
Austria
36%
Macedonia Północna
35%
Malta
35%
Grecja
34%
Węgry
33%
Bułgaria
30%
Chorwacja
28%
Serbia
26%
Albania
25%
Bośnia i Hercegowina
19%
Kosowo
16%
Nie znaleziono quizów pasujących do podanych kryteriów
Rozkład punktacji
Procent ludzi z każdym wynikiem
Percentyl według liczby udzielonych odpowiedzi
Twoja historia wyników
Nie rozwiązałeś tego quizu